000 02028cam a2200469 i 4500
001 20703671
003 NUST
005 20220828195128.0
008 181012s2019 nyua 000 0aeng
010 _a 2018048035
020 _a9781538729809 (hardcover)
020 _a9781538729823 (paperback)
020 _z9781538729816 (ebook)
038 _aAzhar
040 _aDLC
_beng
_cDLC
_erda
_dDLC
042 _apcc
043 _an-us-mo
050 0 0 _aF472.O93
_bG45 2019
082 0 0 _a977.8493092
_aB
_223
_bGEI
100 1 _aGeist, William,
_eauthor.
_993805
245 1 0 _aLake of the Ozarks :
_bmy surreal summers in a vanishing America
_cBill Geist.
250 _aFirst edition.
260 _aNew York :
_bGrand Central Publishing,
_c2019
300 _axii, 195 pages :
_billustrations ;
_c22 cm
336 _atext
_btxt
_2rdacontent
337 _aunmediated
_bn
_2rdamedia
338 _avolume
_bnc
_2rdacarrier
520 _a"Bill Geist reflects on his coming of age in the American heartland of the Midwest and traces his evolution as a man and a writer, in the summers between high school and college, before he went off to Vietnam and the country went to Hell."--Provided by publisher
563 _aHB
600 1 0 _aGeist, William
_xChildhood and youth.
_993806
650 0 _aSummer resorts
_zMIssouri
_zOzarks, Lake of the, Region
_vAnecdotes.
_993807
650 0 _aTeenage boys
_zMissouri
_vBiography.
_993808
650 0 _aTeenagers
_zMissouri
_xSocial life and customs
_y20th century.
_993809
650 0 _aSummer employment
_zMissouri
_vAnecdotes.
_993810
650 0 _aYouth
_xEmployment
_zMissouri
_vAnecdotes.
_993811
650 0 _aComing of age.
_993812
651 0 _aOzarks, Lake of the, Region (Mo.)
_xSocial life and customs
_y20th century.
_993813
651 0 _aMissouri
_xSocial life and customs
_y20th century
_vAnecdotes.
_993814
906 _a7
_bcbc
_corignew
_d1
_eecip
_f20
_gy-gencatlg
942 _2ddc
_cLC
999 _c590355
_d590355